00772nam a2200193 a 450000100100000000500170001000800410002704000250006808200200009310000350011324501370014826000570028530000210034265000340036365000370039704900090043495201180044399900170056100002584620200930024108.0110217s1957 pr r 000 | spa d aDO-SdBNPbspacBNPHU aPR862.44bB352t1 aBautista Pagán, Juan,93916210aTeatro :bpiezas : El rey destronado. El círculo de tiza. El gallo de Eusculapio. Angel. La libertadora. /cJuan Bautista Pagán. aSan Juan, (Puerto Rico) :bClub de la Prensa,c1957. a188 p. ;c20 cm. 4aTeatro puertorriqueño94514 4aLiteratura puertorriqueña9250 aBNGR 001050718MOaGRbGRcCTd2011-02-23iLF1l0oPR862.44 B352tp25846-10r2020-06-25w2020-06-25y1ZNo se presta c25338d25338